all EU fncs winners - Statistics

General Stats
  • This quiz has been taken 1,396 times
  • The average score is 23 of 41
Answer Stats
Hint Answer % Correct
ch2s4 (trio) mongraal
91%
ch2s3 (solo) Tayson
88%
ch2s4 (trio) tayson
88%
ch2s8 (trio gr) tayson
88%
ch4s1 (duo) tayson
88%
ch2s4 (trio) mitro
78%
ch3s2 (duo) veno
75%
ch4s2 (duo) veno
75%
ch2s8 (trio) kami
74%
ch3s4 (duo dubai lan) kami
74%
ch2s8 (trio) setty
73%
ch3s4 (duo dubai lan) setty
73%
ch2s6 (trio) queasy
70%
ch3s1 (duo) queasy
70%
ch4s2 (duo) queasy
70%
ch1s10 (trio) aqua
69%
ch3s2 (duo) aqua
69%
ch2s2 (solo inv) Jannisz
66%
ch2s5 (trio) jannisz
66%
ch3s3 (duo) jannisz
66%
ch3s3 (duo) vadeal
64%
ch4s1 (duo) merstach
61%
ch2s8 (trio) teeq
54%
ch2s5 (trio) hen
53%
ch2s8 (trio gr) hen
53%
ch3s1 (duo) hen
53%
ch2s5 (trio) chapix
49%
ch2s8 (trio gr) chapix
49%
ch2s2 (duo) andilex
43%
ch1s10 (trio) stompy
43%
ch2s6 (trio) trulex
39%
ch2s2 (duo) nayte
37%
ch1s10 (trio) tschinken
33%
ch2s6 (trio) jur3ky
27%
ch2s7 (trio) kiryache
26%
ch2s7 (trio) toose
25%
ch2s7 (trio) stormyrite
24%
ch2s1 (squads) redrush
20%
ch2s1 (squads) wakie
20%
ch2s1 (squads) drobban
17%
ch2s1 (squads) znappy
17%
No matching quizzes found
Score Distribution
Percent of People with Each Score
Percentile by Number Answered
Your Score History
You have not taken this quiz